Understanding the research process (Record no. 2702)
[ view plain ]
| 000 -LEADER | |
|---|---|
| fixed length control field | 00484 a2200169 4500 |
| 001 - CONTROL NUMBER | |
| control field | 069092 |
| 003 - CONTROL NUMBER IDENTIFIER | |
| control field | OSt |
| 005 - DATE AND TIME OF LATEST TRANSACTION | |
| control field | 20220409120810.0 |
| 008 - FIXED-LENGTH DATA ELEMENTS--GENERAL INFORMATION | |
| fixed length control field | |
| 082 ## - DEWEY DECIMAL CLASSIFICATION NUMBER | |
| Classification number | 300 |
| Item number | O4U |
| 100 1# - MAIN ENTRY--PERSONAL NAME | |
| Personal name | Oliver, Paul |
| 245 1# - TITLE STATEMENT | |
| Title | Understanding the research process |
| Statement of responsibility, etc | by Paul Oliver |
| 260 ## - PUBLICATION, DISTRIBUTION, ETC. (IMPRINT) | |
| Place of publication, distribution, etc | New Delhi |
| Name of publisher, distributor, etc | Sage Publications |
| Date of publication, distribution, etc | 2010 |
| 300 ## - PHYSICAL DESCRIPTION | |
| Extent | 151p. |
| 653 ## - INDEX TERM--UNCONTROLLED | |
| Uncontrolled term | Social sciences--Research; Education--Research; Research--Methodology; Research |
| 942 ## - ADDED ENTRY ELEMENTS (KOHA) | |
| Source of classification or shelving scheme | Dewey Decimal Classification |
| Koha item type | Books |
| Withdrawn status | Lost status | Source of classification or shelving scheme | Damaged status | Not for loan | Collection code | Home library | Current library | Date acquired | Source of acquisition | Cost, normal purchase price | Total Checkouts | Full call number | Barcode | Date last seen | Price effective from | Koha item type |
|---|---|---|---|---|---|---|---|---|---|---|---|---|---|---|---|---|
| Dewey Decimal Classification | General Text Book | Central University Of Rajasthan | Central University Of Rajasthan | 07/03/2012 | MGM | 1392.62 | 300 O4U | 3379 | 21/11/2024 | 02/09/2020 | Books |
